|
|
|
|
| LEADER |
02614nam a22005655i 4500 |
| 001 |
978-3-540-32117-0 |
| 003 |
DE-He213 |
| 005 |
20151204170506.0 |
| 007 |
cr nn 008mamaa |
| 008 |
100925s2005 gw | s |||| 0|eng d |
| 020 |
|
|
|a 9783540321170
|9 978-3-540-32117-0
|
| 024 |
7 |
|
|a 10.1007/b136509
|2 doi
|
| 040 |
|
|
|d GrThAP
|
| 050 |
|
4 |
|a Q337.5
|
| 050 |
|
4 |
|a TK7882.P3
|
| 072 |
|
7 |
|a UYQP
|2 bicssc
|
| 072 |
|
7 |
|a COM016000
|2 bisacsh
|
| 082 |
0 |
4 |
|a 006.4
|2 23
|
| 245 |
1 |
0 |
|a Human Interactive Proofs
|h [electronic resource] :
|b Second International Workshop, HIP 2005, Bethlehem, PA, USA, May 19-20, 2005. Proceedings /
|c edited by Henry S. Baird, Daniel P. Lopresti.
|
| 264 |
|
1 |
|a Berlin, Heidelberg :
|b Springer Berlin Heidelberg,
|c 2005.
|
| 300 |
|
|
|a XII, 596 p.
|b online resource.
|
| 336 |
|
|
|a text
|b txt
|2 rdacontent
|
| 337 |
|
|
|a computer
|b c
|2 rdamedia
|
| 338 |
|
|
|a online resource
|b cr
|2 rdacarrier
|
| 347 |
|
|
|a text file
|b PDF
|2 rda
|
| 490 |
1 |
|
|a Lecture Notes in Computer Science,
|x 0302-9743 ;
|v 3517
|
| 505 |
0 |
|
|a CAPTCHAs and Performance Analysis -- Building Segmentation Based Human-Friendly Human Interaction Proofs (HIPs) -- A Highly Legible CAPTCHA That Resists Segmentation Attacks -- Visual CAPTCHA with Handwritten Image Analysis -- Characters or Faces: A User Study on Ease of Use for HIPs -- HIP Architectures -- Collaborative Filtering CAPTCHAs -- CAPTCHA Generation as a Web Service -- Leveraging the CAPTCHA Problem -- HIPs Within Security Systems -- How Much Assurance Does a PIN Provide? -- Phish and HIPs: Human Interactive Proofs to Detect Phishing Attacks.
|
| 650 |
|
0 |
|a Computer science.
|
| 650 |
|
0 |
|a Computer communication systems.
|
| 650 |
|
0 |
|a Operating systems (Computers).
|
| 650 |
|
0 |
|a Image processing.
|
| 650 |
|
0 |
|a Pattern recognition.
|
| 650 |
|
0 |
|a Management information systems.
|
| 650 |
1 |
4 |
|a Computer Science.
|
| 650 |
2 |
4 |
|a Pattern Recognition.
|
| 650 |
2 |
4 |
|a Computer Communication Networks.
|
| 650 |
2 |
4 |
|a Operating Systems.
|
| 650 |
2 |
4 |
|a Information Systems Applications (incl. Internet).
|
| 650 |
2 |
4 |
|a Image Processing and Computer Vision.
|
| 650 |
2 |
4 |
|a Management of Computing and Information Systems.
|
| 700 |
1 |
|
|a Baird, Henry S.
|e editor.
|
| 700 |
1 |
|
|a Lopresti, Daniel P.
|e editor.
|
| 710 |
2 |
|
|a SpringerLink (Online service)
|
| 773 |
0 |
|
|t Springer eBooks
|
| 776 |
0 |
8 |
|i Printed edition:
|z 9783540260011
|
| 830 |
|
0 |
|a Lecture Notes in Computer Science,
|x 0302-9743 ;
|v 3517
|
| 856 |
4 |
0 |
|u http://dx.doi.org/10.1007/b136509
|z Full Text via HEAL-Link
|
| 912 |
|
|
|a ZDB-2-SCS
|
| 912 |
|
|
|a ZDB-2-LNC
|
| 950 |
|
|
|a Computer Science (Springer-11645)
|